| 000 | 00431nam a2200181 i 4500 | ||
|---|---|---|---|
| 001 | bg | ||
| 100 | 1 | _aLATEK, Władysław | |
| 245 | 0 |
_aBadanie maszyn / _cWładysław Latek. |
|
| 250 | _aWyd. 2 zm. | ||
| 260 |
_aWarszawa, _c1979. |
||
| 650 | 9 |
_aMaszyny _xbadanie |
|
| 655 | _aPodręczniki akademickie | ||
| 040 | _cBPK | ||
| 041 | _apol | ||
| 080 | _a621(075.8) | ||
| 942 | _cKS | ||
| 008 | s pl f |000 0 pol | ||
| 999 |
_c18567 _d18567 |
||
| 856 |
_uhttp://koha.tu.koszalin.pl/cgi-bin/koha/opac-detail.pl?biblionumber=18567 _yKatalog online BPK |
||